000 00567nam a2200205Ia 4500
005 20250923145955.0
008 008 250917s9999 xx 000 0 eng d
037 _aTextual
040 _aDSWL
_beng
_cDSWL
041 _aeng
_2eng
084 _az2'N97<-N47, N97
_qDSWL
100 _aAGGARWAL, J
_9840882
245 0 _aFifty years data handbook
_c by J AGGARWAL
260 _aDelhi
_b Shipra Publications
_c1996
300 _axv,251p.
365 _aINR
_b350
925 _g350
942 _cTEXL
_hz2'N97<-N47, N97
999 _c1457999
_d1457999